World literature : (Record no. 354816)
[ view plain ]
| 000 -LEADER | |
|---|---|
| fixed length control field | 00357nam a2200109Ia 4500 |
| 008 - FIXED-LENGTH DATA ELEMENTS--GENERAL INFORMATION | |
| fixed length control field | 180205s9999 xx 000 0 und d |
| 020 ## - INTERNATIONAL STANDARD BOOK NUMBER | |
| International Standard Book Number | 9712327892 |
| 100 ## - MAIN ENTRY--PERSONAL NAME | |
| Personal name | Bascara, Linda R. |
| 245 ## - TITLE STATEMENT | |
| Title | World literature : |
| Remainder of title | a tertiary textbook for literature II under the new curriculum |
| 260 ## - PUBLICATION, DISTRIBUTION, ETC. (IMPRINT) | |
| Place of publication, distribution, etc | Recto Avenue City |
| Name of publisher, distributor, etc | REX publishing |
| Date of publication, distribution, etc | 1999 |
| 300 ## - PHYSICAL DESCRIPTION | |
| Extent | iii, 249 pages |
| Withdrawn status | Lost status | Damaged status | Home library | Current library | Shelving location | Date acquired | Source of acquisition | Total Checkouts | Full call number | Barcode | Date last seen | Price effective from | Koha item type |
|---|---|---|---|---|---|---|---|---|---|---|---|---|---|
| College Library | College Library | Filipiniana Section | 02/05/2018 | Library Fund | PN 524 .B298 1999 | C4148 | 05/08/2018 | 02/05/2018 | Books |